[Event "France - Open A"]
[Site "Chartres"]
[Date "2019.08.21"]
[Round "5.33"]
[White "Gonzalez, Loic"]
[Black "Derouineau, Jacques"]
[Result "1/2-1/2"]
[WhiteElo "1971"]
[BlackElo "2037"]
[PlyCount "97"]
[EventDate "2019.08.??"]
[EventType "swiss"]
[EventRounds "9"]
[EventCountry "FRA"]
[WhiteTeam "AGJA-Echiquier Aquitaine"]
[BlackTeam "C'Chartres Echecs"]

1. e4 e5 2. Nc3 Nf6 3. Bc4 Nc6 4. d3 Bb4 5. Nge2 O-O 6. O-O a6 7. Bg5 h6 8.
Bxf6 Qxf6 9. Nd5 Qd8 10. Nxb4 Nxb4 11. a3 Nc6 12. f4 d6 13. f5 Nd4 14. Nxd4
exd4 15. Rf4 c6 16. Qf3 Qf6 17. Rf1 Bd7 18. Qh5 Kh7 19. R1f3 Rae8 20. g4 Re5
21. h4 d5 22. g5 Qd6 23. Bb3 Kh8 24. f6 Qe6 25. fxg7+ Kxg7 26. Kf2 hxg5 27.
hxg5 Qg6 28. Qh6+ Qxh6 29. gxh6+ Kxh6 30. exd5 cxd5 31. Rxf7 Rxf7 32. Rxf7 Bc6
33. Rf4 Kg5 34. Rxd4 Kf5 35. Rh4 Kg5 36. Rd4 Kf5 37. Ba4 b5 38. Bb3 a5 39. Rh4
Kg5 40. Rh7 Re6 41. c3 Kf4 42. Rh5 Kg4 43. Bd1+ Kf4 44. Bf3 Rd6 45. b3 Rf6 46.
Rh4+ Ke5 47. d4+ Kd6 48. Ke3 Re6+ 49. Kd2 1/2-1/2

[Event "France - Open A"]
[Site "Chartres"]
[Date "2019.08.21"]
[Round "5.34"]
[White "Spitz, Christophe"]
[Black "Marchais, Antoine"]
[Result "1/2-1/2"]
[WhiteElo "2147"]
[BlackElo "1975"]
[PlyCount "221"]
[EventDate "2019.08.??"]
[EventType "swiss"]
[EventRounds "9"]
[EventCountry "FRA"]
[WhiteTeam "U.S. Orléans.Echecs"]
[BlackTeam "Rennes Paul Bert"]

1. e4 e6 2. d4 d5 3. e5 c5 4. c3 Nc6 5. Nf3 Bd7 6. Be2 Nge7 7. O-O cxd4 8. cxd4
Nf5 9. Nc3 h5 10. Be3 Rc8 11. Rc1 Na5 12. Bg5 Be7 13. Bxe7 Kxe7 14. Bd3 g6 15.
b3 Nh6 16. Qd2 a6 17. Na4 b5 18. Rxc8 Bxc8 19. Nc5 Kf8 20. Rc1 Kg7 21. Qf4 Re8
22. Ng5 Qe7 23. h4 Nf5 24. Bxf5 exf5 25. e6 f6 26. Nf3 Rd8 27. Nxa6 Bxe6 28.
Rc7 Rd7 29. Rxd7 Bxd7 30. Qc7 Nc6 31. Nc5 Be8 32. Qc8 Kf7 33. Kf1 b4 34. Qa8
Qa7 35. Qxa7+ Nxa7 36. Ke2 Bb5+ 37. Kd2 Nc8 38. Ne1 Na7 39. Ned3 Nc6 40. Ke3 g5
41. f4 gxh4 42. Ne1 Ne7 43. Ncd3 Bxd3 44. Nxd3 Nc6 45. Ne1 Ne7 46. Nc2 Nc6 47.
a4 bxa3 48. Nxa3 Ke6 49. Nc2 Kd6 50. b4 Nd8 51. b5 Kc7 52. Nb4 Kb6 53. Nxd5+
Kxb5 54. Nxf6 Kc4 55. Ne8 Nf7 56. Ng7 Nh6 57. Nxh5 Ng4+ 58. Kf3 Kxd4 59. Ng7
Nh6 60. Ne6+ Kd5 61. Nf8 Kd6 62. Ng6 Ke6 63. Nxh4 Kf6 64. g3 Ng4 65. Ng2 Nh2+
66. Ke2 Ng4 67. Ne1 Nh6 68. Nf3 Ng4 69. Nd4 Nh2 70. Nc6 Ng4 71. Kf3 Nh2+ 72.
Ke3 Ng4+ 73. Ke2 Ke6 74. Nd4+ Kf6 75. Kd3 Nh2 76. Ne2 Ng4 77. Kd4 Nf2 78. Kd5
Ng4 79. Kd6 Ne3 80. Kd7 Nf1 81. Kd6 Ne3 82. Kc5 Ng4 83. Kd4 Nh2 84. Ke3 Ng4+
85. Kf3 Nh2+ 86. Kg2 Ng4 87. Kh3 Ne3 88. Kh4 Ng4 89. Nd4 Ne3 90. Nf3 Ng4 91.
Kh5 Ne3 92. Ne5 Ng2 93. Nd7+ Ke7 94. Nb6 Ne3 95. Kg5 Nf1 96. Kh4 Kf6 97. Nc4
Nh2 98. Nd2 Ng4 99. Ne4+ Kg6 100. Nd6 Ne3 101. Nb5 Ng4 102. Nd4 Ne3 103. Nc6
Kf6 104. Ne5 Ng2+ 105. Kh5 Ne3 106. g4 Nxg4 107. Nxg4+ fxg4 108. Kxg4 Kg6 109.
f5+ Kf6 110. Kf4 Kf7 111. Ke5 1/2-1/2

[Event "France - Open A"]
[Site "Chartres"]
[Date "2019.08.21"]
[Round "5.35"]
[White "Van Den Brande, Norman"]
[Black "Peltrault, Frederic"]
[Result "1/2-1/2"]
[WhiteElo "1994"]
[BlackElo "2101"]
[PlyCount "63"]
[EventDate "2019.08.??"]
[EventType "swiss"]
[EventRounds "9"]
[EventCountry "FRA"]
[WhiteTeam "Maison des Echecs Toulouse Lardenne"]
[BlackTeam "La tour de Juvisy"]

1. d4 e6 2. c4 f5 3. Nf3 Nf6 4. g3 c6 5. Bg2 d5 6. Nc3 Bd6 7. O-O O-O 8. Ne5
Nbd7 9. Bf4 Bxe5 10. Bxe5 Nxe5 11. dxe5 Nd7 12. cxd5 cxd5 13. Qd4 Qb6 14. e3
Qxb2 15. Rab1 Qa3 16. Nb5 Qe7 17. Rfc1 b6 18. Bxd5 Rb8 19. Bg2 Nc5 20. Nd6 Ba6
21. a4 Bd3 22. Rb2 a5 23. Bf1 Bxf1 24. Rxf1 Qd7 25. Rfb1 Qxa4 26. Rxb6 Qxd4 27.
exd4 Nd7 28. Rxb8 Rxb8 29. Rxb8+ Nxb8 30. Kf1 Nc6 31. Nb5 a4 32. Ke2 1/2-1/2

[Event "France - Open A"]
[Site "Chartres"]
[Date "2019.08.21"]
[Round "5.36"]
[White "Afraoui, Solenn"]
[Black "Valentin, Rene"]
[Result "1/2-1/2"]
[WhiteElo "1974"]
[BlackElo "2076"]
[PlyCount "84"]
[EventDate "2019.08.??"]
[EventType "swiss"]
[EventRounds "9"]
[EventCountry "FRA"]
[WhiteTeam "U.S.Villejuif Echecs"]
[BlackTeam "C'Chartres Echecs"]

1. e4 b6 2. d4 Bb7 3. Nc3 g6 4. Nf3 Bg7 5. Bc4 e6 6. Bg5 Ne7 7. Qd2 h6 8. Be3
d6 9. Bb3 Nd7 10. O-O-O a6 11. d5 e5 12. Ne1 f5 13. f4 exf4 14. Bxf4 g5 15. Be3
f4 16. Bd4 Ne5 17. Qe2 N7g6 18. h4 Bc8 19. hxg5 Bg4 20. Nf3 hxg5 21. Rxh8+ Bxh8
22. Bxe5 Bxe5 23. Rh1 Nh4 24. Qd3 Qf6 25. Nxh4 gxh4 26. Qc4 Rc8 27. a4 f3 28.
gxf3 Qxf3 29. Rf1 Qe3+ 30. Kb1 Ke7 31. Qxa6 Bxc3 32. bxc3 h3 33. e5 h2 34. e6
Rf8 35. Kb2 Be2 36. Qb7 Rxf1 37. Qxc7+ Kf6 38. Qxd6 Qc5 39. Qxh2 Ke7 40. Qh7+
Kf6 41. Qh6+ Kf5 42. Qh7+ Kf6 1/2-1/2

[Event "France - Open A"]
[Site "Chartres"]
[Date "2019.08.21"]
[Round "5.37"]
[White "Dube, Dimitri"]
[Black "Juran, Baptiste"]
[Result "0-1"]
[WhiteElo "2056"]
[BlackElo "2038"]
[PlyCount "104"]
[EventDate "2019.08.??"]
[EventType "swiss"]
[EventRounds "9"]
[EventCountry "FRA"]
[WhiteTeam "Echiquier Tourangeau"]
[BlackTeam "Cercle d'Echecs de Villepinte"]

1. c3 d5 2. Nf3 Nf6 3. g3 Bf5 4. Bg2 h6 5. d3 c5 6. Qb3 Qb6 7. c4 Qxb3 8. axb3
Nc6 9. O-O d4 10. Na3 Rc8 11. Nc2 e5 12. Nh4 Bg4 13. Bxc6+ Rxc6 14. Nf3 Bxf3
15. exf3 a6 16. Re1 Re6 17. Bd2 Bd6 18. b4 Nd7 19. b5 axb5 20. Ra8+ Bb8 21.
cxb5 O-O 22. b4 Nb6 23. Rxb8 Rxb8 24. bxc5 Nd7 25. Bb4 Rc8 26. Rc1 Nxc5 27. Na1
b6 28. Nb3 Re7 29. Nxc5 bxc5 30. Rxc5 Rxc5 31. Bxc5 Rd7 32. b6 f6 33. f4 exf4
34. gxf4 Kf7 35. f5 g6 36. fxg6+ Kxg6 37. Kg2 Kf5 38. Kg3 Ke5 39. Kg4 Kd5 40.
Bf8 Rb7 41. Bxh6 Rxb6 42. Bg7 Ke5 43. h4 Rb1 44. Bf8 Rg1+ 45. Kf3 Rd1 46. h5
Rxd3+ 47. Kg2 Rb3 48. h6 Rb8 49. Bg7 d3 50. Kf1 Rb4 51. Kg2 d2 52. h7 Rb8 0-1

[Event "France - Open A"]
[Site "Chartres"]
[Date "2019.08.21"]
[Round "5.38"]
[White "Poulet, Benoit"]
[Black "Destic, Pablo"]
[Result "1/2-1/2"]
[WhiteElo "2048"]
[BlackElo "1989"]
[PlyCount "110"]
[EventDate "2019.08.??"]
[EventType "swiss"]
[EventRounds "9"]
[EventCountry "FRA"]
[WhiteTeam "Echiquier des Lions - Lyon Oullins"]
[BlackTeam "l'Echiquier Toulousain"]

1. d4 f5 2. g3 d6 3. Nf3 g6 4. Bg2 Bg7 5. c4 Nf6 6. Nc3 O-O 7. O-O c5 8. e3 Nc6
9. b3 e5 10. dxe5 dxe5 11. e4 f4 12. gxf4 Qxd1 13. Rxd1 exf4 14. Rb1 Bg4 15.
Ba3 b6 16. e5 Nd7 17. e6 Bxc3 18. exd7 Rad8 19. Rbc1 Nd4 20. Nxd4 Bxd4 21. Bd5+
Kg7 22. Rxd4 cxd4 23. Bxf8+ Kxf8 24. f3 Bf5 25. Rd1 d3 26. Bc6 Ke7 27. Kf2 Kd6
28. Be4 Bxe4 29. fxe4 Ke5 30. Rxd3 Kxe4 31. Rd5 g5 32. h3 h5 33. Ke2 g4 34.
hxg4 hxg4 35. Kf2 g3+ 36. Kg2 Ke3 37. Re5+ Kd4 38. Re7 Kc5 39. Kf3 Kb4 40. Rg7
Ka3 41. Kxf4 Kxa2 42. Kxg3 Kxb3 43. Kf4 Kxc4 44. Ke5 a5 45. Kd6 b5 46. Rg5 a4
47. Rc5+ Kb4 48. Rc8 Rxd7+ 49. Kxd7 Ka3 50. Kc6 b4 51. Kb5 b3 52. Rc3 Kb2 53.
Kb4 Ka2 54. Kxa4 b2 55. Rc2 Ka1 1/2-1/2

[Event "France - Open A"]
[Site "Chartres"]
[Date "2019.08.21"]
[Round "5.39"]
[White "Arnaud, Aurelien"]
[Black "Delboe, Charles"]
[Result "0-1"]
[WhiteElo "2160"]
[BlackElo "1965"]
[PlyCount "90"]
[EventDate "2019.08.??"]
[EventType "swiss"]
[EventRounds "9"]
[EventCountry "FRA"]
[WhiteTeam "L'Echiquier Châlonnais"]
[BlackTeam "C.E. Neuville-en-Ferrain"]

1. d4 Nf6 2. c4 c5 3. d5 b5 4. cxb5 a6 5. bxa6 g6 6. Nc3 Bg7 7. e4 O-O 8. Nf3
Qa5 9. Nd2 Bxa6 10. Nb3 Qc7 11. Bxa6 Nxa6 12. O-O Rfb8 13. Nd2 c4 14. Qe2 Rc8
15. e5 Ne8 16. f4 d6 17. Nf3 Nb4 18. Rd1 Nd3 19. Rxd3 cxd3 20. Qe3 Qc5 21. Qxc5
Rxc5 22. Bd2 Nc7 23. b4 Rc4 24. b5 Rb4 25. a4 Nxb5 26. Nxb5 Rxb5 27. a5 dxe5
28. fxe5 Rxd5 29. Bc3 f6 30. exf6 Bxf6 31. Bxf6 exf6 32. a6 d2 33. Rd1 Rxa6 34.
Rxd2 Rxd2 35. Nxd2 Kf7 36. Kf2 Ke6 37. Ne4 Ke5 38. Nc5 Ra3 39. Nd7+ Kf5 40. h3
h5 41. g3 Kg5 42. h4+ Kf5 43. Kg2 g5 44. hxg5 fxg5 45. Nb6 Kg4 0-1

[Event "France - Open A"]
[Site "Chartres"]
[Date "2019.08.21"]
[Round "5.40"]
[White "Afraoui, Anaelle"]
[Black "Fischer, Thorange"]
[Result "1/2-1/2"]
[WhiteElo "2163"]
[BlackElo "1979"]
[PlyCount "90"]
[EventDate "2019.08.??"]
[EventType "swiss"]
[EventRounds "9"]
[EventCountry "FRA"]
[WhiteTeam "Clichy-Echecs-92"]
[BlackTeam "Clichy-Echecs-92"]

1. e4 e6 2. d4 d5 3. Nc3 Bb4 4. e5 c5 5. Bd2 Bxc3 6. Bxc3 Ne7 7. f4 b6 8. Qg4
O-O 9. O-O-O Ba6 10. h4 Bxf1 11. Rxf1 Nf5 12. Qf3 Nc6 13. Ne2 cxd4 14. Bd2 Rc8
15. Kb1 Na5 16. b3 Nc6 17. g4 Ne3 18. Rc1 Qe7 19. c3 d3 20. Ng3 Nc2 21. Qxd3
Na3+ 22. Kb2 a6 23. h5 Nb5 24. g5 d4 25. c4 Qa3+ 26. Kb1 Nc3+ 27. Bxc3 dxc3 28.
Qxc3 a5 29. Qb2 Qc5 30. Ne4 Qe3 31. Nd6 Ra8 32. Rhf1 a4 33. Qf2 Qd3+ 34. Qc2
Qxc2+ 35. Rxc2 axb3 36. axb3 Nd4 37. Ra2 Nxb3 38. Rxa8 Rxa8 39. Kb2 Nc5 40. Rf3
Kf8 41. f5 Nd7 42. fxe6 Nxe5 43. Rf5 f6 44. h6 Ke7 45. gxf6+ gxf6 1/2-1/2

[Event "France - Open A"]
[Site "Chartres"]
[Date "2019.08.21"]
[Round "5.41"]
[White "Trouve, Guillaume"]
[Black "Gautier, Joel"]
[Result "1-0"]
[WhiteElo "2114"]
[BlackElo "1975"]
[PlyCount "61"]
[EventDate "2019.08.??"]
[EventType "swiss"]
[EventRounds "9"]
[EventCountry "FRA"]
[WhiteTeam "Mulhouse Philidor"]
[BlackTeam "Ass des joueurs d'Echecs du Barreau de Paris"]

1. e4 e6 2. d4 d5 3. Nc3 Nf6 4. e5 Nfd7 5. f4 c5 6. Nf3 Nc6 7. Be3 Rb8 8. Be2
Qa5 9. O-O b5 10. a3 Be7 11. Qd2 b4 12. axb4 Qxb4 13. Kh1 cxd4 14. Nxd4 Nxd4
15. Bxd4 Bc5 16. Bxc5 Qxc5 17. b3 O-O 18. Bd3 f5 19. exf6 Nxf6 20. Rae1 Bd7 21.
Re5 Qc7 22. h3 Rfc8 23. Ne2 Bb5 24. Nd4 Ne4 25. Bxe4 Bxf1 26. Nxe6 Qd6 27. Bxd5
Kh8 28. Ng5 Rf8 29. Nxh7 Rf7 30. Rh5 g6 31. Ng5+ 1-0

[Event "France - Open A"]
[Site "Chartres"]
[Date "2019.08.21"]
[Round "5.42"]
[White "Serralta, Michel"]
[Black "Bourges, Jerome"]
[Result "1/2-1/2"]
[WhiteElo "2103"]
[BlackElo "1962"]
[PlyCount "62"]
[EventDate "2019.08.??"]
[EventType "swiss"]
[EventRounds "9"]
[EventCountry "FRA"]
[WhiteTeam "USAM Echiquier Brestois"]
[BlackTeam "USAM Echiquier Brestois"]

1. d4 d5 2. c4 e6 3. Nc3 Nf6 4. Bg5 Be7 5. e3 Nbd7 6. Nf3 h6 7. Bh4 O-O 8. Bd3
c5 9. cxd5 Nxd5 10. Bg3 Nxc3 11. bxc3 Qa5 12. Qc2 cxd4 13. exd4 Nf6 14. Ne5 Nd5
15. Rc1 Bg5 16. Nc4 Qd8 17. Rb1 b6 18. O-O Ba6 19. Ne5 Bxd3 20. Qxd3 Rc8 21. c4
Nf4 22. Bxf4 Bxf4 23. Nf3 Qd7 24. d5 Bb8 25. Rfd1 Rfd8 26. Rd2 Qa4 27. Nd4 Qxc4
28. dxe6 Qxd3 29. exf7+ Kxf7 30. Rxd3 Be5 31. Rf3+ Bf6 1/2-1/2

[Event "France - Open A"]
[Site "Chartres"]
[Date "2019.08.21"]
[Round "5.43"]
[White "Galloux, Maxime"]
[Black "Guillerm, Mischa"]
[Result "0-1"]
[WhiteElo "2039"]
[BlackElo "1960"]
[PlyCount "66"]
[EventDate "2019.08.??"]
[EventType "swiss"]
[EventRounds "9"]
[EventCountry "FRA"]
[WhiteTeam "Tour Blanche Echecs"]
[BlackTeam "U.S. Orléans.Echecs"]

1. c4 e6 2. g3 d5 3. d4 Nf6 4. Nf3 Bb4+ 5. Bd2 Be7 6. Bg2 O-O 7. O-O c6 8. Qc2
b6 9. Nc3 Ba6 10. Ne5 Nfd7 11. cxd5 Nxe5 12. dxe5 cxd5 13. Rfd1 Nd7 14. Bf4 g5
15. Bc1 Nxe5 16. e4 d4 17. Qa4 Bd3 18. f4 dxc3 19. fxe5 Bc5+ 20. Kh1 c2 21. Re1
Bf2 22. Be3 Bxe1 23. Rxe1 Qe7 24. Bd2 a5 25. Qd4 Rfd8 26. Qe3 h6 27. h4 Rac8
28. Qf3 Ba6 29. Bc1 Rd1 30. Rxd1 cxd1=Q+ 31. Qxd1 Qc5 32. Bd2 Rd8 33. Qe1 Qc2
0-1

[Event "France - Open A"]
[Site "Chartres"]
[Date "2019.08.21"]
[Round "5.44"]
[White "Chartier, Antoine"]
[Black "Gueriche, Guillaume"]
[Result "1-0"]
[WhiteElo "2013"]
[BlackElo "1950"]
[PlyCount "39"]
[EventDate "2019.08.??"]
[EventType "swiss"]
[EventRounds "9"]
[EventCountry "FRA"]
[WhiteTeam "Le Petit-Roque de Sèvres-Ville d'Avray"]
[BlackTeam "Lyon Olympique Echecs"]

1. d4 Nf6 2. Bf4 d5 3. e3 e6 4. Nd2 c5 5. c3 cxd4 6. exd4 Nc6 7. Ngf3 Bd6 8.
Ne5 Bxe5 9. dxe5 Nd7 10. Nf3 a6 11. Bd3 b5 12. O-O h6 13. Re1 g5 14. Bg3 g4 15.
Nd4 Nxd4 16. cxd4 h5 17. Bf4 Nf8 18. Qd2 Bd7 19. Bg5 Qb6 20. Qb4 1-0

[Event "France - Open A"]
[Site "Chartres"]
[Date "2019.08.21"]
[Round "5.45"]
[White "Leccia, Antoine"]
[Black "Haberthur, Maxime"]
[Result "1/2-1/2"]
[WhiteElo "1969"]
[BlackElo "1985"]
[PlyCount "61"]
[EventDate "2019.08.??"]
[EventType "swiss"]
[EventRounds "9"]
[EventCountry "FRA"]
[WhiteTeam "Corsica Chess Club"]
[BlackTeam "Echiquier Clermontois Arverne - ECA"]

1. d4 d5 2. Bf4 Nf6 3. Nc3 c6 4. e3 Bf5 5. f3 h5 6. Bd3 Bxd3 7. Qxd3 e6 8. Nh3
Be7 9. O-O-O Qa5 10. Kb1 Nbd7 11. e4 Nb6 12. Bd2 Qa6 13. Qxa6 bxa6 14. b3 O-O
15. Nf4 g6 16. Nd3 Rac8 17. Bg5 Rfe8 18. Bxf6 Bxf6 19. Nc5 a5 20. N3a4 Be7 21.
c3 Bxc5 22. Nxc5 Re7 23. Kc2 Nd7 24. Nd3 Ree8 25. Rhe1 Kf8 26. Re3 Rc7 27. Rde1
Rec8 28. Rd1 Re8 29. Rde1 Rec8 30. Rd1 Re8 31. Rde1 1/2-1/2

[Event "France - Open A"]
[Site "Chartres"]
[Date "2019.08.21"]
[Round "5.46"]
[White "Fruteau, Sabine"]
[Black "Herault, Theotime"]
[Result "1/2-1/2"]
[WhiteElo "1968"]
[BlackElo "1980"]
[PlyCount "144"]
[EventDate "2019.08.??"]
[EventType "swiss"]
[EventRounds "9"]
[EventCountry "FRA"]
[WhiteTeam "Orcher la Tour"]
[BlackTeam "Echecs Club de Corbas"]

1. e4 Nf6 2. e5 Nd5 3. d4 d6 4. Nf3 Bg4 5. Be2 e6 6. O-O Be7 7. c4 Nb6 8. Nc3
O-O 9. exd6 cxd6 10. b3 d5 11. c5 Nc8 12. Bf4 a6 13. Ne5 Bxe2 14. Qxe2 Nc6 15.
Rad1 Bf6 16. Nxc6 bxc6 17. Be5 Bxe5 18. Qxe5 Ne7 19. Na4 Ng6 20. Qg3 Re8 21.
Rfe1 Ra7 22. Qc3 Rae7 23. Nb2 f6 24. Nd3 e5 25. dxe5 fxe5 26. Nb4 Qc8 27. Nd3
Qg4 28. h3 Qf5 29. Nc1 Rf7 30. Rf1 Re6 31. Qd3 e4 32. Qxa6 Nf4 33. Ne2 Nd3 34.
Ng3 Qe5 35. a4 Ref6 36. Rxd3 exd3 37. Qxd3 Qb2 38. f3 Rb7 39. Rb1 Qe5 40. Ne2
Rb4 41. a5 Re6 42. Kf2 d4 43. Rc1 Qe3+ 44. Qxe3 dxe3+ 45. Ke1 Re7 46. Rc3 Ra7
47. Rxe3 Rxa5 48. Nc1 Rbb5 49. Kd2 Rxc5 50. b4 Rd5+ 51. Kc2 Rab5 52. Nd3 Rd6
53. Kc3 Rbd5 54. f4 Kf7 55. g3 Kf6 56. Nc5 Kf7 57. Nd3 h5 58. g4 hxg4 59. hxg4
Re6 60. Rh3 Re4 61. Rf3 Kf6 62. Nc5 Re1 63. Nd3 Rg1 64. Nf2 Rc1+ 65. Kb2 Re1
66. Kc3 Rc1+ 67. Kb2 Rc4 68. Kb3 Rdd4 69. Nd3 Ke6 70. Re3+ Kd5 71. Re5+ Kd6 72.
Rg5 Re4 1/2-1/2

[Event "France - Open A"]
[Site "Chartres"]
[Date "2019.08.21"]
[Round "5.47"]
[White "Radoman, Emmanuel"]
[Black "Brouard, Gregoire"]
[Result "1/2-1/2"]
[WhiteElo "1956"]
[BlackElo "1979"]
[PlyCount "116"]
[EventDate "2019.08.??"]
[EventType "swiss"]
[EventRounds "9"]
[EventCountry "FRA"]
[WhiteTeam "Nice Alekhine"]
[BlackTeam "J.E.E.N."]

1. e4 e6 2. d4 d5 3. Nd2 Nf6 4. e5 Nfd7 5. Bd3 c5 6. c3 Nc6 7. Ne2 cxd4 8. cxd4
f6 9. exf6 Nxf6 10. O-O Bd6 11. Nf3 Qc7 12. g3 O-O 13. Bf4 Ng4 14. Bxd6 Qxd6
15. Nc3 e5 16. dxe5 Ngxe5 17. Nxe5 Nxe5 18. Be4 d4 19. Nb5 Qb6 20. Nxd4 Bg4 21.
Qb3+ Qxb3 22. Nxb3 Bf3 23. Bxf3 Nxf3+ 24. Kg2 Rae8 25. Rad1 Re2 26. Nc5 Rxb2
27. Ne6 Rf6 28. Rd8+ Kf7 29. Nf4 Nh4+ 30. Kh3 Ng6 31. Rd7+ Ke8 32. Rxg7 Nxf4+
33. gxf4 Rh6+ 34. Kg3 Rg6+ 35. Rxg6 hxg6 36. Ra1 b5 37. a4 b4 38. a5 b3 39. Ra4
Kd7 40. Rb4 Kc6 41. a6 Kc5 42. Rb7 Kc4 43. Rxa7 Ra2 44. Rc7+ Kd3 45. a7 b2 46.
Rb7 Kc2 47. Rc7+ Kb1 48. Kg4 Ka1 49. Rb7 Ra5 50. h4 b1=Q 51. Rxb1+ Kxb1 52.
a8=Q Rxa8 53. Kg5 Rg8 54. f5 gxf5+ 55. Kxf5 Rf8+ 56. Kg6 Rxf2 57. h5 Rg2+ 58.
Kf7 Kc2 1/2-1/2

[Event "France - Open A"]
[Site "Chartres"]
[Date "2019.08.21"]
[Round "5.48"]
[White "Rasolo, Loick"]
[Black "Schweitzer, Olaf"]
[Result "0-1"]
[WhiteElo "1965"]
[BlackElo "2065"]
[PlyCount "44"]
[EventDate "2019.08.??"]
[EventType "swiss"]
[EventRounds "9"]
[EventCountry "FRA"]
[WhiteTeam "Marseille Passion Echecs"]
[BlackTeam "Championnat de France 2019"]

1. e4 c5 2. Nc3 Nc6 3. Bb5 Nd4 4. Nf3 a6 5. Bd3 e6 6. O-O Ne7 7. Nxd4 cxd4 8.
Ne2 Nc6 9. c3 Bc5 10. b4 Ba7 11. Bb2 d5 12. Ng3 Ne5 13. Qe2 Nxd3 14. Qxd3 O-O
15. cxd4 Bd7 16. Rfc1 dxe4 17. Nxe4 Bc6 18. Nc5 Qg5 19. f3 Bd5 20. Qe3 Qf5 21.
Kf2 Rad8 22. g4 Qf6 0-1

[Event "France - Open A"]
[Site "Chartres"]
[Date "2019.08.21"]
[Round "5.49"]
[White "Venard, Gautier"]
[Black "De Lussac, Estephe"]
[Result "0-1"]
[WhiteElo "1968"]
[BlackElo "1993"]
[PlyCount "92"]
[EventDate "2019.08.??"]
[EventType "swiss"]
[EventRounds "9"]
[EventCountry "FRA"]
[WhiteTeam "Vandoeuvre-Echecs"]
[BlackTeam "Lille Université Club Echiquier du Nord"]

1. c4 e5 2. Nc3 Nc6 3. e3 Bc5 4. Nf3 d6 5. d4 exd4 6. exd4 Bb6 7. Be2 h6 8. O-O
Nf6 9. b4 a6 10. h3 O-O 11. a3 Bf5 12. Be3 Ne7 13. Qb3 c6 14. d5 Bxe3 15. fxe3
Bh7 16. Kh2 Re8 17. Nd4 cxd5 18. cxd5 Rc8 19. Rac1 Rxc3 20. Rxc3 Nexd5 21. Bc4
Re5 22. Rxf6 Nxc3 23. Bxf7+ Kh8 24. Rf3 Ne4 25. Qb2 Ng5 26. Rf1 Rxe3 27. Qf2
Qe7 28. Bd5 Bg8 29. Bxg8 Kxg8 30. Nf5 Qe5+ 31. Kh1 Re2 32. Qd4 Qxd4 33. Nxd4
Rd2 34. Nf3 Nxf3 35. Rxf3 d5 36. Rc3 Ra2 37. Rd3 b5 38. Rxd5 Rxa3 39. Rd1 Ra4
40. Rb1 Kf7 41. Kh2 Ke6 42. Kg3 Kd5 43. Kf4 a5 44. Kf5 Rxb4 45. Ra1 a4 46. Kg6
Rb3 0-1

[Event "France - Open A"]
[Site "Chartres"]
[Date "2019.08.21"]
[Round "5.50"]
[White "Logie, Marc"]
[Black "Prevot, Rodolphe"]
[Result "1-0"]
[WhiteElo "1980"]
[BlackElo "1933"]
[PlyCount "71"]
[EventDate "2019.08.??"]
[EventType "swiss"]
[EventRounds "9"]
[EventCountry "FRA"]
[WhiteTeam "Club d'Echecs du Vesinet"]
[BlackTeam "A.A.J. Blois"]

1. d4 Nf6 2. Nf3 e6 3. Bf4 b6 4. e3 Bb7 5. Bd3 Be7 6. h3 O-O 7. O-O c5 8. c3 d6
9. Nbd2 Nbd7 10. Qe2 Qc7 11. e4 e5 12. dxe5 dxe5 13. Bh2 Rfe8 14. Rad1 Bf8 15.
Rfe1 g6 16. a4 Nh5 17. g3 Rad8 18. Bc4 h6 19. Nh4 Qd6 20. Nf1 Qf6 21. Qg4 Bc8
22. Qxg6+ Qxg6 23. Nxg6 Kg7 24. Nxf8 Nxf8 25. Bb5 Bxh3 26. Bxe8 Rxe8 27. Ne3
Ne6 28. g4 Nhf4 29. Bxf4 Nxf4 30. Nf5+ Kg6 31. f3 Rh8 32. Kf2 h5 33. gxh5+ Rxh5
34. Rd6+ Ne6 35. Ng3 Rg5 36. Rh1 1-0

[Event "France - Open A"]
[Site "Chartres"]
[Date "2019.08.22"]
[Round "6.7"]
[White "Mahieu, Luc"]
[Black "Sabatier, Mathis"]
[Result "1-0"]
[WhiteElo "2084"]
[BlackElo "2152"]
[PlyCount "63"]
[EventDate "2019.08.??"]
[EventType "swiss"]
[EventRounds "9"]
[EventCountry "FRA"]
[WhiteTeam "Nomad' Echecs"]
[BlackTeam "Echecs Club de Corbas"]

1. e4 e5 2. Nf3 Nc6 3. Bc4 Nf6 4. d3 Be7 5. O-O O-O 6. Re1 d6 7. c3 Bg4 8. Nbd2
d5 9. exd5 Nxd5 10. h3 Bh5 11. Ne4 a6 12. Ng3 Bg6 13. Nxe5 Nxe5 14. Rxe5 Nb6
15. Bb3 Nd7 16. Re1 Nc5 17. d4 Nd3 18. Re2 Bh4 19. Nf1 c5 20. Bc4 Nxc1 21. Rxc1
cxd4 22. Qxd4 Qxd4 23. cxd4 Rac8 24. Rc3 Bf6 25. Rd2 Rcd8 26. Be2 Rxd4 27. Rxd4
Bxd4 28. Rc7 b5 29. Rc6 Bxb2 30. Rxa6 b4 31. Bc4 h6 32. Rxg6 1-0

[Event "France - Open A"]
[Site "Chartres"]
[Date "2019.08.22"]
[Round "6.8"]
[White "Grandy, Aurelien"]
[Black "Bernard, Jacques"]
[Result "1-0"]
[WhiteElo "2032"]
[BlackElo "2140"]
[PlyCount "75"]
[EventDate "2019.08.??"]
[EventType "swiss"]
[EventRounds "9"]
[EventCountry "FRA"]
[WhiteTeam "Avinkha Club d'Echecs"]
[BlackTeam "Evry Grand Roque"]

1. e4 c5 2. Nf3 Nc6 3. Bb5 d6 4. O-O Bd7 5. Re1 a6 6. Bf1 Nf6 7. c3 e5 8. h3 b5
9. d4 Be7 10. a4 c4 11. b3 cxb3 12. axb5 axb5 13. Rxa8 Qxa8 14. Qxb3 O-O 15. d5
Na5 16. Qb4 Rb8 17. Bg5 Bf8 18. Nbd2 Nb7 19. Nb3 Nc5 20. Ra1 Qb7 21. Nfd2 Be7
22. Be3 Na6 23. Qa5 Nc5 24. Nxc5 dxc5 25. Qa7 Qc8 26. f3 h6 27. Nb3 Rb7 28. Qa8
Rb8 29. Qa6 Qc7 30. c4 bxc4 31. Bxc4 Rc8 32. Qa7 Qd8 33. Ra6 Nh5 34. d6 Bh4 35.
Nxc5 Rxc5 36. Qxc5 Qf6 37. Ra7 Bxh3 38. Rxf7 1-0

[Event "France - Open A"]
[Site "Chartres"]
[Date "2019.08.22"]
[Round "6.9"]
[White "Bordais, Benjamin"]
[Black "Robert, Yoann"]
[Result "1-0"]
[WhiteElo "2137"]
[BlackElo "1966"]
[PlyCount "101"]
[EventDate "2019.08.??"]
[EventType "swiss"]
[EventRounds "9"]
[EventCountry "FRA"]
[WhiteTeam "A.C.L. Orbec Echecs"]
[BlackTeam "Club d'Echecs de Sautron"]

1. e4 c5 2. Nf3 Nf6 3. Nc3 Nc6 4. d4 cxd4 5. Nxd4 e5 6. Ndb5 h6 7. Nd6+ Bxd6 8.
Qxd6 Qe7 9. Qxe7+ Kxe7 10. b3 d6 11. Ba3 Nd4 12. Bd3 Be6 13. f4 Nc6 14. O-O-O
a6 15. Rhe1 Rhd8 16. Nd5+ Kf8 17. Nb6 Rab8 18. Bc4 Ne8 19. Bxe6 fxe6 20. Nc4 b5
21. Nxe5 Nxe5 22. fxe5 b4 23. Bb2 Rb5 24. c4 bxc3 25. Bxc3 Rc5 26. Kb2 Rdc8 27.
Re3 a5 28. exd6 Nf6 29. Rf3 e5 30. d7 Rd8 31. Rf5 Ke7 32. Rxe5+ Rxe5 33. Bxe5
Nxd7 34. Bxg7 Rg8 35. Bxh6 Rxg2+ 36. Rd2 Rg4 37. Re2 Nc5 38. Bd2 a4 39. Bb4 Kd6
40. e5+ Kd5 41. Bxc5 Kxc5 42. e6 Rg8 43. e7 Re8 44. bxa4 Kb4 45. Re4+ Kc5 46.
Kc3 Kd5 47. Kd3 Kc5 48. Re5+ Kb6 49. Kd4 Ka6 50. Kd5 Kb7 51. Kd6 1-0